00195 a2200109 4500001000700000020000600007040001100013100001900024240001900043245001400062362000900076162413 a  cMagnum aOrthof, Sylvia10aMalaquiaslpor10aMalaquias0 a1899